000 00590nam a22002177a 4500
003 UA-OsUOA
001 57496
007 ta
008 20081225b un ||||| |||| 00| 0 ukr d
090 _a821.161.1
_bР89
942 _cBK
040 _aUA-OsUOA
_cUA-OsUOA
_dUA-OsUOA
245 _aРусская проза второй половины ХІХ века
300 _a480 с.
955 _a3
080 _a821.161.1
020 _a5-7107-7666-1
260 _aМ.
_bДрофа
_c2003
650 7 _a82 Література. Літературознавство
_2UDC
999 _c343561
_d343561